Extremely Hard General Knowledge #18 - Statistics

General Stats
  • This quiz has been taken 806 times
  • The average score is 5 of 20
Answer Stats
Hint Answer % Correct
What is the name of the Egyptian peninsula that lies in Asia? Sinai
65%
In which U.S state was Jimmy Carter Governor before he became the President? Georgia
55%
The President of France is also the co-Prince(ss) of which other country? Andorra
54%
Who was World Chess Champion from 1984-2006? Garry Kasparov
52%
What animal is the national animal of France? Rooster
39%
In which year did Britain convert to decimalised currency? 1971
38%
Who had a UK Number 1 with 'The Joker' and a UK Number 2 with 'Abracadabra'? Steve Miller Band
37%
Which author is famous for writing 'The Wonderful Wizard of Oz'? L. Frank Baum
32%
Which indigenous language in Peru is spoken by approximately 13% of the population? Quechua
32%
To 2 decimal places, how many pounds (lbs) are in a kilogram (kg)? 2.20
30%
With which team did Joe Montana win 4 Superbowls? San Francisco 49ers
29%
Havarti is a hard cheese made from cows' milk which comes from which country? Denmark
18%
Who starred as the dad Gomez Addams in the 1991 and 1993 Adams Family films? Raul Julia
17%
Written by Nathaniel Hawthorne, who is the protagonist of 'The Scarlet Letter'? Hester Prynne
14%
In Egyptian Mythology, who is the god of knowledge and wisdom? Thoth
11%
What gift is traditionally given on a 45th wedding anniversary? Sapphire
10%
Who played Wai Lin, the Chinese Spy and Bonds ally in the Tomorrow Never Dies (1997)? Michelle Yeoh
9%
Who has been nominated twice for the Best Lead Actress Oscar for 'The Savages' and 'You Can Count on Me' and once for Best Supporting Actress Oscar for 'Kinsey'? Laura Linney
5%
Which Christian holiday, also known as Loaf Mass Day, falls on the 1st of August? Lammas
2%
What pseudonym was used by Andrew Lloyd Webber and Nigel Wright for their 1992 song 'Tetris'? Doctor Spin
1%
No matching quizzes found
Score Distribution
Percent of People with Each Score
Percentile by Number Answered
Your Score History
You have not taken this quiz